000 00998nmm a2200337 a 4500
003 AR-BaBNM
005 20251128210808.0
008 131020s1990 ||||||||||||||000 | spa||
040 _cAR-BaBNM
245 1 0 _aColetânea de textos de psicología
_bpsicologia da educaçâo
_n1
260 _aSao Paulo
_bGoverno do Estado de Sâo Paulo
_c1990
300 0 _a362 p.
500 0 _aContiene referencias bibliográficas
650 4 _aCENTROS DE DOCUMENTACION
650 4 _aBIBLIOGRAFIA
650 4 _aPSICOLOGIA DE LA EDUCACION
650 4 _aROL DEL DOCENTE
650 4 _aTEORIAS DEL APRENDIZAJE
650 4 _aDESARROLLO DEL NINO
650 4 _aEDUCACION MORAL
650 4 _aPSICOLOGIA EVOLUTIVA
650 4 _aPROCESO DE APRENDIZAJE
650 4 _aENSENANZA DE LAS MATEMATICAS
650 4 _aPSICOLOGIA GENETICA
651 4 _aBrasil
653 0 _aCONSTRUCTIVISMO
653 _aFRACASO ESCOLAR
700 1 _aAguiar, Cleusa de Toledo
_ecoordinador
942 _cBK
998 _cRAQUEL
999 _c16945
_d16945